000 00699nam a2200241Ia 4500
005 20260430150246.0
008 008 250103s9999 xx 000 0 eng d
037 _aTheses
040 _aCRL
040 _beng
040 _ceng
041 _2eng
041 _aeng
084 _qCRL
100 _aYadav Kamna Au.; Agarwal Amit Gu.
_91236960
245 0 _aMindfulness based cognitive therapy,behavior activation therapy and relaxation for people with cancer: a randomized controlled trial
260 _c2021
300 _a280p.
650 _aPsychology
700 _aUniversity of Delhi. Faculty of Arts. Department of Psychology
_9169789
942 _cTH
999 _c1849351
_d1849351